Notificaciones digitales, acceso a justicia y modernización procesal : (Registro nro. 5774)
[ vista simple ]
| 000 -LEADER | |
|---|---|
| fixed length control field | 01105nab a22002057a 4500 |
| 003 - CONTROL NUMBER IDENTIFIER | |
| control field | OSt |
| 005 - DATE AND TIME OF LATEST TRANSACTION | |
| control field | 20260105220404.0 |
| 008 - FIXED-LENGTH DATA ELEMENTS--GENERAL INFORMATION | |
| fixed length control field | 190514b xxu||||| |||| 00| 0 spa d |
| 040 ## - CATALOGING SOURCE | |
| Transcribing agency | PJ |
| 100 ## - MAIN ENTRY--PERSONAL NAME | |
| 9 (RLIN) | 4688 |
| Personal name | Piccinelli, Ornela |
| 245 10 - TITLE STATEMENT | |
| Title | Notificaciones digitales, acceso a justicia y modernización procesal : |
| Remainder of title | repensar las formas en clave de derechos humanos, a 40 años de democracia / |
| Statement of responsibility, etc | Ornela Piccinelli. |
| 300 ## - PHYSICAL DESCRIPTION | |
| Extent | p. 85-99 |
| 505 ## - FORMATTED CONTENTS NOTE | |
| Formatted contents note | Sumario: I. Hablemos de asuntos pendientes.— II. ¿Qué implica pensar un sistema procesal en clave de derechos?— III. Algunas<br/>propuestas de cara a la reforma procesal vinculadas a los actos procesales de comunicación.— IV. Sobre el cierre: alentar discusiones para robustecer derechos conquistados. |
| 505 ## - FORMATTED CONTENTS NOTE | |
| Title | Si te interesa el texto, comunicate a koha@justierradelfuego.gov.ar |
| 650 #0 - SUBJECT ADDED ENTRY--TOPICAL TERM | |
| 9 (RLIN) | 967 |
| Topical term or geographic name as entry element | DERECHO DE FAMILIA |
| 650 #0 - SUBJECT ADDED ENTRY--TOPICAL TERM | |
| 9 (RLIN) | 1953 |
| Topical term or geographic name as entry element | PROCEDIMIENTO CIVIL |
| 650 #0 - SUBJECT ADDED ENTRY--TOPICAL TERM | |
| Topical term or geographic name as entry element | TECNOLOGIA DE LA INFORMACION |
| 9 (RLIN) | 289 |
| 773 0# - HOST ITEM ENTRY | |
| Host Biblionumber | 2844 |
| Host Itemnumber | 3222 |
| Place, publisher, and date of publication | Buenos Aires : AbeledoPerrot, 1989- |
| Title | Derecho de familia. N° 113 - Marzo 2024 |
| International Standard Book Number | 18511201 |
| 942 ## - ADDED ENTRY ELEMENTS (KOHA) | |
| Source of classification or shelving scheme | |
| Koha item type | Analítica Artículo de Revista |
No hay ítems disponibles.
